[Event "Mindsports Open 4th"]
[Site "London"]
[Date "2024.07.19"]
[Round "3.30"]
[White "Brackmann, Hendrik"]
[Black "Sooraj, M R"]
[Result "0-1"]
[WhiteElo "2086"]
[BlackElo "1999"]
[PlyCount "48"]
[EventDate "2024.07.18"]
[EventType "swiss"]
[EventRounds "9"]
[EventCountry "ENG"]
[SourceTitle "BritBase"]
[Source "John Saunders"]
[SourceDate "2024.08.27"]
[SourceVersion "1"]
[SourceVersionDate "2024.08.27"]
[SourceQuality "1"]

1. e4 Nf6 2. e5 Nd5 3. d4 d6 4. c4 Nb6 5. exd6 cxd6 6. Nc3 g6 7. h3 Bg7 8. Nf3 O-O 9. Be2 Nc6 10. O-O Bf5 11. d5 Na5 12. Nd4 Naxc4 13. a4 a5 14. Nxf5 gxf5 15. Re1 Ne5 16. Bb5 Rc8 17. Qh5 Rxc3 18. bxc3 Nxd5 19. Bh6 e6 20. c4 Nf6 21. Qg5 Ng6 22. f3 f4 23. Rad1 Qb6+ 24. Kh2 Rc8 0-1

[Event "Mindsports Open 4th"]
[Site "London"]
[Date "2024.07.19"]
[Round "3.31"]
[White "Fellowes, Billy"]
[Black "Deepak Ambattu, Rithvik"]
[Result "0-1"]
[WhiteElo "2063"]
[BlackElo "1978"]
[PlyCount "106"]
[EventDate "2024.07.18"]
[EventType "swiss"]
[EventRounds "9"]
[EventCountry "ENG"]
[SourceTitle "BritBase"]
[Source "John Saunders"]
[SourceDate "2024.08.27"]
[SourceVersion "1"]
[SourceVersionDate "2024.08.27"]
[SourceQuality "1"]

1. e4 c5 2. Nf3 d6 3. d4 cxd4 4. Qxd4 Nc6 5. Bb5 Bd7 6. Bxc6 Bxc6 7. Nc3 Nf6 8. Bg5 e6 9. O-O Be7 10. Rfe1 O-O 11. Rad1 Qb6 12. Qxb6 axb6 13. Nd4 Rfc8 14. f4 h6 15. Bh4 Kf8 16. e5 dxe5 17. fxe5 Nd5 18. Nxd5 Bxd5 19. Bxe7+ Kxe7 20. a3 Bc6 21. Rd3 Rd8 22. Kf2 Bd5 23. Red1 Be4 24. Rc3 Ra5 25. Rc7+ Ke8 26. c3 Rc5 27. Rxc5 bxc5 28. Re1 Bxg2 29. Nb3 c4 30. Nd4 Bd5 31. h4 Ke7 32. h5 g6 33. hxg6 fxg6 34. a4 Ra8 35. Ra1 g5 36. a5 h5 37. Kg3 Ra6 38. Nf3 Bxf3 39. Kxf3 Kf7 40. Ke4 Kg7 41. Rg1 g4 42. Ra1 Ra8 43. Kf4 Kg6 44. Ra4 Rf8+ 45. Kg3 Kg5 46. Rxc4 h4+ 47. Kh2 Rf2+ 48. Kg1 Rxb2 49. Rc7 g3 50. Rg7+ Kf4 51. Rh7 h3 52. Rf7+ Kxe5 53. Rf3 h2+ 0-1

[Event "Mindsports Open 4th"]
[Site "London"]
[Date "2024.07.20"]
[Round "4.1"]
[White "Urkedal, Frode Olav Olsen"]
[Black "Czopor, Maciej"]
[Result "1/2-1/2"]
[WhiteElo "2551"]
[BlackElo "2361"]
[PlyCount "91"]
[EventDate "2024.07.18"]
[EventType "swiss"]
[EventRounds "9"]
[EventCountry "ENG"]
[SourceTitle "BritBase"]
[Source "John Saunders"]
[SourceDate "2024.08.27"]
[SourceVersion "1"]
[SourceVersionDate "2024.08.27"]
[SourceQuality "1"]

1. e4 c5 2. Nf3 Nc6 3. Bb5 e6 4. Bxc6 bxc6 5. b3 e5 6. Nxe5 Qe7 7. Nc4 Qxe4+ 8. Ne3 Ba6 9. Bb2 Qg6 10. Qf3 Nh6 11. g4 f6 12. Nc3 Be7 13. Ne2 Bxe2 14. Qxe2 O-O 15. O-O-O a5 16. a4 Rfe8 17. h4 d5 18. Rdg1 Bf8 19. g5 fxg5 20. Rxg5 Qe6 21. Re5 Qf7 22. Rg1 d4 23. Nc4 Rxe5 24. Nxe5 Qd5 25. Qc4 Nf7 26. Qxd5 cxd5 27. Nd7 Be7 28. Re1 Bxh4 29. Nxc5 Bxf2 30. Re2 Bg3 31. Bxd4 h5 32. Re6 Kh7 33. Kd1 h4 34. Ke2 h3 35. Kf3 Bd6 36. Re1 Rc8 37. Nb7 Rxc2 38. Nxd6 Nxd6 39. Rh1 Rxd2 40. Rxh3+ Kg6 41. Bc3 Rd3+ 42. Kg2 Rxh3 43. Kxh3 Nb7 44. Kg4 Nc5 45. Bxa5 Nxb3 46. Bb6 1/2-1/2

[Event "Mindsports Open 4th"]
[Site "London"]
[Date "2024.07.20"]
[Round "4.2"]
[White "Janik, Igor"]
[Black "Kovchan, Alexander"]
[Result "1/2-1/2"]
[WhiteElo "2511"]
[BlackElo "2455"]
[PlyCount "21"]
[EventDate "2024.07.18"]
[EventType "swiss"]
[EventRounds "9"]
[EventCountry "ENG"]
[SourceTitle "BritBase"]
[Source "John Saunders"]
[SourceDate "2024.08.27"]
[SourceVersion "1"]
[SourceVersionDate "2024.08.27"]
[SourceQuality "1"]

1. Nf3 Nf6 2. c4 g6 3. Nc3 d5 4. cxd5 Nxd5 5. h4 Bg7 6. h5 Nc6 7. d4 Bf5 8. Rh4 Bf6 9. g4 Bxh4 10. gxf5 e6 11. fxe6 1/2-1/2

[Event "Mindsports Open 4th"]
[Site "London"]
[Date "2024.07.20"]
[Round "4.3"]
[White "Ogunshola, Ben"]
[Black "Kalavannan, Koby"]
[Result "1/2-1/2"]
[WhiteElo "2043"]
[BlackElo "2265"]
[PlyCount "105"]
[EventDate "2024.07.18"]
[EventType "swiss"]
[EventRounds "9"]
[EventCountry "ENG"]
[SourceTitle "BritBase"]
[Source "John Saunders"]
[SourceDate "2024.08.27"]
[SourceVersion "1"]
[SourceVersionDate "2024.08.27"]
[SourceQuality "1"]

1. c4 e6 2. Nf3 d5 3. g3 dxc4 4. Qa4+ Nd7 5. Bg2 a6 6. Qxc4 b5 7. Qc2 Bb7 8. O-O Ngf6 9. d3 c5 10. a4 Qb6 11. Na3 Be7 12. axb5 axb5 13. Bf4 Nd5 14. Qb3 Nxf4 15. gxf4 Bc6 16. Ne5 Nxe5 17. fxe5 Bxg2 18. Kxg2 Rb8 19. Nb1 Qc7 20. f4 g5 21. Nd2 Rg8 22. Kh1 gxf4 23. Nf3 Rg6 24. Qc2 Qb7 25. Qc1 f5 26. Rg1 Rd8 27. Qxf4 Rd4 28. Qe3 Rdg4 29. h3 f4 30. Qd2 R4g5 31. Rxg5 Bxg5 32. Kh2 Bh6 33. Qa5 Bf8 34. Qa8+ Qxa8 35. Rxa8+ Kf7 36. Rb8 b4 37. Rb7+ Kg8 38. Nd2 Rg7 39. Rb6 Rg3 40. Nf1 Rg5 41. Rxe6 Bg7 42. Nd2 Kf7 43. Rc6 Rxe5 44. Ne4 Rd5 45. b3 Bd4 46. Kg2 Rh5 47. Rc7+ Kg6 48. Rc6+ Kg7 49. Rc7+ Kf8 50. Rc8+ Ke7 51. Rc7+ Kf8 52. Rc8+ Kf7 53. Rc7+ 1/2-1/2

[Event "Mindsports Open 4th"]
[Site "London"]
[Date "2024.07.20"]
[Round "4.4"]
[White "Rudd, Jack"]
[Black "Teclaf, Pawel"]
[Result "0-1"]
[WhiteElo "2243"]
[BlackElo "2559"]
[PlyCount "52"]
[EventDate "2024.07.18"]
[EventType "swiss"]
[EventRounds "9"]
[EventCountry "ENG"]
[SourceTitle "BritBase"]
[Source "John Saunders"]
[SourceDate "2024.08.27"]
[SourceVersion "1"]
[SourceVersionDate "2024.08.27"]
[SourceQuality "1"]

1. d4 Nf6 2. Bg5 e6 3. e4 h6 4. Bxf6 Qxf6 5. c3 c5 6. Nf3 cxd4 7. cxd4 Bb4+ 8. Nc3 Bxc3+ 9. bxc3 d6 10. Bb5+ Bd7 11. Rb1 Bxb5 12. Rxb5 Qe7 13. O-O O-O 14. Qb3 b6 15. a4 Nc6 16. Nd2 Rac8 17. Nc4 Qc7 18. e5 Nxd4 19. cxd4 Qxc4 20. exd6 Qxb3 21. Rxb3 Rfd8 22. a5 bxa5 23. Ra3 Rxd6 24. Rxa5 Rc7 25. Ra4 Rcd7 26. Rd1 e5 0-1

[Event "Mindsports Open 4th"]
[Site "London"]
[Date "2024.07.20"]
[Round "4.6"]
[White "Golding, Alex"]
[Black "Badacsonyi, Stanley"]
[Result "1-0"]
[WhiteElo "2296"]
[BlackElo "2178"]
[PlyCount "95"]
[EventDate "2024.07.18"]
[EventType "swiss"]
[EventRounds "9"]
[EventCountry "ENG"]
[SourceTitle "BritBase"]
[Source "John Saunders"]
[SourceDate "2024.08.27"]
[SourceVersion "1"]
[SourceVersionDate "2024.08.27"]
[SourceQuality "1"]

1. e4 e6 2. d4 d5 3. Nc3 Nf6 4. Bg5 Bb4 5. e5 h6 6. Bd2 Bxc3 7. bxc3 Ne4 8. Bd3 Nxd2 9. Qxd2 c5 10. Nf3 Nc6 11. h4 Qa5 12. h5 cxd4 13. cxd4 Qxd2+ 14. Kxd2 Bd7 15. Rab1 b6 16. Rh3 Rc8 17. Rg3 O-O 18. Bb5 Rc7 19. Bxc6 Rxc6 20. c3 Rfc8 21. Ne1 Rc4 22. f4 Ra4 23. Rb2 Ra5 24. Rf3 Bb5 25. Nc2 Bc4 26. a3 Bb5 27. f5 exf5 28. Rxf5 Ba4 29. Ra2 Rb5 30. Nb4 a5 31. Rf1 Bb3 32. Raa1 a4 33. Rf3 Ra5 34. g4 Ra7 35. Rg1 Re7 36. Nd3 Rc6 37. Nf4 Kh7 38. g5 hxg5 39. Rxg5 Rec7 40. Rg1 b5 41. Rfg3 f6 42. e6 b4 43. axb4 a3 44. Ng6 a2 45. e7 Rc8 46. Nf8+ Kh8 47. Rxg7 Bc2 48. Rg8# 1-0

[Event "Mindsports Open 4th"]
[Site "London"]
[Date "2024.07.20"]
[Round "4.7"]
[White "Eames, Robert S"]
[Black "Lemos, Damian"]
[Result "0-1"]
[WhiteElo "2148"]
[BlackElo "2479"]
[PlyCount "66"]
[EventDate "2024.07.18"]
[EventType "swiss"]
[EventRounds "9"]
[EventCountry "ENG"]
[SourceTitle "BritBase"]
[Source "John Saunders"]
[SourceDate "2024.08.27"]
[SourceVersion "1"]
[SourceVersionDate "2024.08.27"]
[SourceQuality "1"]

1. e4 c5 2. c3 Nf6 3. e5 Nd5 4. Nf3 e6 5. d4 cxd4 6. cxd4 d6 7. Bd3 Bd7 8. O-O Bc6 9. Bg5 Be7 10. Bxe7 Qxe7 11. exd6 Qxd6 12. Nc3 Nxc3 13. bxc3 Nd7 14. Re1 O-O 15. Ne5 Nxe5 16. Rxe5 Rfd8 17. Qh5 g6 18. Qh6 Qf8 19. Qd2 Rac8 20. Rae1 Bd5 21. Bb1 Rc7 22. h4 Rdc8 23. Rc1 Qe7 24. h5 Qh4 25. hxg6 hxg6 26. Rg5 b5 27. a3 a5 28. Rg3 b4 29. axb4 axb4 30. Rh3 Qf6 31. Qb2 Qf4 32. Re3 Rc4 33. g3 Qxd4 0-1

[Event "Mindsports Open 4th"]
[Site "London"]
[Date "2024.07.20"]
[Round "4.8"]
[White "Govindasamy, Nashlen"]
[Black "Balaji, Aaravamudhan"]
[Result "0-1"]
[WhiteElo "2081"]
[BlackElo "2316"]
[PlyCount "70"]
[EventDate "2024.07.18"]
[EventType "swiss"]
[EventRounds "9"]
[EventCountry "ENG"]
[SourceTitle "BritBase"]
[Source "John Saunders"]
[SourceDate "2024.08.27"]
[SourceVersion "1"]
[SourceVersionDate "2024.08.27"]
[SourceQuality "1"]

1. d4 g6 2. c4 Bg7 3. e4 d6 4. Nc3 c5 5. Nge2 Qa5 6. Be3 Nc6 7. Qd2 Nf6 8. f3 O-O 9. d5 Ne5 10. Nc1 a6 11. Be2 Bd7 12. a4 b5 13. cxb5 Rfb8 14. Ra3 axb5 15. Nxb5 c4 16. b4 Qd8 17. Na7 Qc7 18. Nc6 Nxc6 19. dxc6 Bxc6 20. Bxc4 Rxa4 21. Rxa4 Bxa4 22. Bxf7+ Kxf7 23. Qa2+ d5 24. Qxa4 Qc4 25. e5 Qc3+ 26. Kf2 Rxb4 27. e6+ Kxe6 28. Qa6+ Kf7 29. Ne2 Qe5 30. Re1 Qxh2 31. Bf4 Qh4+ 32. Bg3 Qc4 33. Qa7 Rb2 34. Kf1 Nh5 35. Bd6 Bf6 0-1

[Event "Mindsports Open 4th"]
[Site "London"]
[Date "2024.07.20"]
[Round "4.9"]
[White "Lim, Zhuo Ren"]
[Black "Sim, Jia Ru"]
[Result "1/2-1/2"]
[WhiteElo "2251"]
[BlackElo "2077"]
[PlyCount "112"]
[EventDate "2024.07.18"]
[EventType "swiss"]
[EventRounds "9"]
[EventCountry "ENG"]
[SourceTitle "BritBase"]
[Source "John Saunders"]
[SourceDate "2024.08.27"]
[SourceVersion "1"]
[SourceVersionDate "2024.08.27"]
[SourceQuality "1"]

1. Nf3 d5 2. g3 Nf6 3. Bg2 c6 4. O-O Bg4 5. h3 Bh5 6. c4 e6 7. Qb3 Qb6 8. d3 Nbd7 9. Qc2 Bd6 10. cxd5 Nxd5 11. Kh2 O-O 12. Nbd2 Ne5 13. Nxe5 Bxe5 14. Nc4 Qc5 15. Qd2 Bf6 16. Rb1 a5 17. f4 Rfd8 18. g4 Bg6 19. g5 Be7 20. b3 Qb4 21. a3 Qb5 22. Bb2 Nb6 23. Qc3 Bf8 24. Ba1 Qc5 25. d4 Qb5 26. e4 c5 27. a4 Qa6 28. dxc5 Nxc4 29. bxc4 Bh5 30. Rb6 Qa7 31. Rfb1 Qb8 32. Qe3 Qc8 33. Rxb7 Bxc5 34. Qc3 Bf8 35. R7b5 Qc7 36. e5 Rac8 37. c5 Bg6 38. Rc1 h6 39. gxh6 gxh6 40. Qxa5 Qe7 41. Qe1 h5 42. Rb7 Rc7 43. Rxc7 Qxc7 44. c6 Qa7 45. c7 Rc8 46. Qc3 Bh6 47. Qd2 Qxa4 48. Rf1 Kh7 49. Qd8 Qc2 50. Qxc8 Be4 51. Rg1 Bxf4+ 52. Kh1 Bxg2+ 53. Rxg2 Qb1+ 54. Rg1 Qe4+ 55. Rg2 Qb1+ 56. Rg1 Qe4+ 1/2-1/2

[Event "Mindsports Open 4th"]
[Site "London"]
[Date "2024.07.20"]
[Round "4.10"]
[White "Verbytski, Oleg"]
[Black "Large, Peter G"]
[Result "0-1"]
[WhiteElo "2076"]
[BlackElo "2311"]
[PlyCount "94"]
[EventDate "2024.07.18"]
[EventType "swiss"]
[EventRounds "9"]
[EventCountry "ENG"]
[SourceTitle "BritBase"]
[Source "John Saunders"]
[SourceDate "2024.08.27"]
[SourceVersion "1"]
[SourceVersionDate "2024.08.27"]
[SourceQuality "1"]

1. e4 c5 2. Nf3 d6 3. d4 cxd4 4. Nxd4 Nf6 5. Nc3 Nc6 6. Be3 Ng4 7. Nxc6 bxc6 8. Bg5 h6 9. Bh4 g5 10. Bg3 Bg7 11. Qd2 Qa5 12. Be2 Rb8 13. Nd1 Qa4 14. c3 Ne5 15. f3 h5 16. Bxe5 Bxe5 17. Qxg5 Rxb2 18. Nxb2 Bxc3+ 19. Kf2 Bd4+ 20. Kf1 Bxb2 21. Rd1 Be6 22. Qd2 Qxa2 23. Qc2 c5 24. Rb1 Bf6 25. Rb8+ Kd7 26. Rb7+ Kc6 27. Qxa2 Bxa2 28. Rxa7 Rb8 29. Ra6+ Kd7 30. Ra7+ Ke6 31. Rxa2 Rb1+ 32. Kf2 Bd4+ 33. Kg3 Rxh1 34. h3 Kf6 35. f4 Kg6 36. Ra7 Re1 37. Kf3 c4 38. Rc7 Bc5 39. e5 c3 40. exd6 exd6 41. g4 hxg4+ 42. hxg4 c2 43. Bd3+ Kg7 44. Bxc2 Re3+ 45. Kg2 Re2+ 46. Kh3 Rxc2 47. Kh4 Bf2+ 0-1

[Event "Mindsports Open 4th"]
[Site "London"]
[Date "2024.07.20"]
[Round "4.11"]
[White "Merriman, John"]
[Black "Cancedda-Dupuis, Livio"]
[Result "0-1"]
[WhiteElo "2251"]
[BlackElo "2041"]
[PlyCount "144"]
[EventDate "2024.07.18"]
[EventType "swiss"]
[EventRounds "9"]
[EventCountry "ENG"]
[SourceTitle "BritBase"]
[Source "John Saunders"]
[SourceDate "2024.08.27"]
[SourceVersion "1"]
[SourceVersionDate "2024.08.27"]
[SourceQuality "1"]

1. d4 Nf6 2. c4 e6 3. Nc3 Bb4 4. e3 d5 5. a3 Bxc3+ 6. bxc3 O-O 7. Nf3 Nbd7 8. cxd5 exd5 9. Bd3 Re8 10. O-O b6 11. c4 Bb7 12. Bb2 c5 13. cxd5 Bxd5 14. dxc5 Nxc5 15. Bxf6 Bxf3 16. Bxh7+ Kxh7 17. Qxd8 Rexd8 18. Bxd8 Bxg2 19. Kxg2 Rxd8 20. Rad1 Re8 21. Rd4 g6 22. Rfd1 Kg7 23. Rd8 Re4 24. R8d4 Re7 25. Kf3 Rc7 26. e4 Rc8 27. Rd8 Rc7 28. h4 Re7 29. R8d4 Re8 30. Re1 Re7 31. Re3 Rc7 32. Rd5 Kh6 33. Rc3 Re7 34. Rc4 Nd7 35. Kf4 Nc5 36. f3 Kg7 37. h5 gxh5 38. Rxh5 Re6 39. Rg5+ Kf8 40. Rd5 Rc6 41. Ke3 Ke7 42. Re5+ Kf8 43. Rc3 Rh6 44. Kd4 Ne6+ 45. Kc4 Nc5 46. Kb5 a6+ 47. Kc4 Rd6 48. Rd5 Rc6 49. Kd4 Ne6+ 50. Kd3 Nf4+ 51. Kd2 Rxc3 52. Kxc3 Nxd5+ 53. exd5 Ke7 54. Kd4 Kd6 55. Ke4 b5 56. f4 a5 57. f5 f6 58. Kd4 a4 59. Kc3 Kxd5 60. Kb4 Kc6 61. Kc3 Kc5 62. Kb2 b4 63. axb4+ Kxb4 64. Ka2 Kc4 65. Ka3 Kd4 66. Kxa4 Ke4 67. Kb3 Kxf5 68. Kc3 Ke4 69. Kd2 Kf3 70. Ke1 f5 71. Kf1 f4 72. Ke1 Kg2 0-1

[Event "Mindsports Open 4th"]
[Site "London"]
[Date "2024.07.20"]
[Round "4.12"]
[White "Banerjee, Supratit"]
[Black "Bharat Kumar, Balahari"]
[Result "1-0"]
[WhiteElo "2161"]
[BlackElo "1989"]
[PlyCount "79"]
[EventDate "2024.07.18"]
[EventType "swiss"]
[EventRounds "9"]
[EventCountry "ENG"]
[SourceTitle "BritBase"]
[Source "John Saunders"]
[SourceDate "2024.08.27"]
[SourceVersion "1"]
[SourceVersionDate "2024.08.27"]
[SourceQuality "1"]

1. e4 c5 2. c3 Nf6 3. e5 Nd5 4. Nf3 Nc6 5. Bc4 Nb6 6. Bb3 d6 7. exd6 Qxd6 8. O-O e6 9. Re1 Be7 10. d4 cxd4 11. cxd4 O-O 12. Nc3 a6 13. a3 Rd8 14. Be3 Bd7 15. Rc1 Rac8 16. Qd3 Na5 17. Bc2 f5 18. d5 Nxd5 19. Nxd5 exd5 20. b4 Nc4 21. Bc5 Rxc5 22. bxc5 Qxc5 23. Bb3 b5 24. Rcd1 Bc8 25. Qe2 Bf6 26. a4 f4 27. h3 Bf5 28. axb5 axb5 29. Nh2 Bc3 30. Rf1 d4 31. Qh5 g6 32. Qg5 Rf8 33. Ng4 Qb4 34. Ba2 Qa3 35. Bb1 Bxb1 36. Rxb1 Nd2 37. Rxb5 Nxf1 38. Nh6+ Kg7 39. Rb7+ Kh8 40. Qe5+ 1-0

[Event "Mindsports Open 4th"]
[Site "London"]
[Date "2024.07.20"]
[Round "4.13"]
[White "Kovalskyi, Roman"]
[Black "Villiers, Thomas"]
[Result "0-1"]
[WhiteElo "1989"]
[BlackElo "2229"]
[PlyCount "64"]
[EventDate "2024.07.18"]
[EventType "swiss"]
[EventRounds "9"]
[EventCountry "ENG"]
[SourceTitle "BritBase"]
[Source "John Saunders"]
[SourceDate "2024.08.27"]
[SourceVersion "1"]
[SourceVersionDate "2024.08.27"]
[SourceQuality "1"]

1. e4 c5 2. Nf3 e6 3. g3 Nc6 4. d3 d5 5. Nbd2 Nf6 6. Bg2 Be7 7. O-O O-O 8. e5 Nd7 9. Re1 b5 10. Nf1 Qb6 11. h4 Bb7 12. h5 d4 13. g4 Rfd8 14. Bf4 c4 15. g5 g6 16. N1h2 Nc5 17. Ng4 cxd3 18. cxd3 Nb4 19. Bf1 Nc2 20. hxg6 hxg6 21. Qxc2 Bxf3 22. Nf6+ Kg7 23. Bg2 Qb7 24. Ne4 Bxg2 25. Kxg2 Rac8 26. Qd1 Rh8 27. Qf3 Nxe4 28. Rxe4 Rh4 29. Rxd4 Rg4+ 30. Bg3 Qxf3+ 31. Kxf3 Rxd4 32. Ke3 Rd7 0-1

[Event "Mindsports Open 4th"]
[Site "London"]
[Date "2024.07.20"]
[Round "4.14"]
[White "Johnson, Daniel"]
[Black "Bird, Joel"]
[Result "1-0"]
[WhiteElo "2126"]
[BlackElo "1975"]
[PlyCount "63"]
[EventDate "2024.07.18"]
[EventType "swiss"]
[EventRounds "9"]
[EventCountry "ENG"]
[SourceTitle "BritBase"]
[Source "John Saunders"]
[SourceDate "2024.08.27"]
[SourceVersion "1"]
[SourceVersionDate "2024.08.27"]
[SourceQuality "1"]

1. d4 d5 2. c4 c6 3. Nf3 Nf6 4. Qb3 dxc4 5. Qxc4 Bf5 6. g3 e6 7. Bg2 Nbd7 8. O-O Be7 9. Nc3 O-O 10. Re1 Ne4 11. Rd1 h6 12. Ne1 Nd6 13. Qb3 Qb6 14. Qa4 Bg6 15. e4 e5 16. dxe5 Nxe5 17. Bf4 Bf6 18. Rxd6 Qxb2 19. Rc1 Ng4 20. Nd3 Qb6 21. Nd5 cxd5 22. Rxb6 axb6 23. Qb4 dxe4 24. Bxe4 Bxe4 25. Qxe4 Rfe8 26. Qf5 Ra3 27. Rd1 Rd8 28. Qxg4 Raxd3 29. Rxd3 Rxd3 30. Bxh6 Rd4 31. Qf3 Ra4 32. Qb3 1-0

[Event "Mindsports Open 4th"]
[Site "London"]
[Date "2024.07.20"]
[Round "4.15"]
[White "Li, Harry"]
[Black "Kolani, Arjun"]
[Result "1-0"]
[WhiteElo "2166"]
[BlackElo "2124"]
[PlyCount "47"]
[EventDate "2024.07.18"]
[EventType "swiss"]
[EventRounds "9"]
[EventCountry "ENG"]
[SourceTitle "BritBase"]
[Source "John Saunders"]
[SourceDate "2024.08.27"]
[SourceVersion "1"]
[SourceVersionDate "2024.08.27"]
[SourceQuality "1"]

1. e4 e5 2. Nf3 Nc6 3. Bb5 a6 4. Ba4 Nf6 5. O-O b5 6. Bb3 Bc5 7. a4 Rb8 8. c3 d6 9. d4 Bb6 10. a5 Ba7 11. h3 Bb7 12. Re1 O-O 13. Be3 exd4 14. cxd4 Nb4 15. Nc3 Bxe4 16. Bg5 Bg6 17. Ne4 c5 18. Nh4 Bxe4 19. Rxe4 c4 20. Nf5 Nbd5 21. Bc2 h6 22. Bh4 Qd7 23. Bxf6 Nxf6 24. Re7 1-0

[Event "Mindsports Open 4th"]
[Site "London"]
[Date "2024.07.20"]
[Round "4.16"]
[White "Willmoth, Robert F"]
[Black "Merriman, James"]
[Result "1-0"]
[WhiteElo "2115"]
[BlackElo "1974"]
[PlyCount "87"]
[EventDate "2024.07.18"]
[EventType "swiss"]
[EventRounds "9"]
[EventCountry "ENG"]
[SourceTitle "BritBase"]
[Source "John Saunders"]
[SourceDate "2024.08.27"]
[SourceVersion "1"]
[SourceVersionDate "2024.08.27"]
[SourceQuality "1"]

1. Nf3 Nf6 2. e3 g6 3. d4 Bg7 4. c4 O-O 5. Nc3 c5 6. d5 e6 7. Be2 exd5 8. cxd5 d6 9. O-O Bg4 10. h3 Bxf3 11. Bxf3 Na6 12. Rb1 Rb8 13. b3 b5 14. Bb2 b4 15. Na4 Nc7 16. Qc2 Re8 17. Rbd1 Nb5 18. Be2 Ne4 19. Bxb5 Rxb5 20. Rfe1 Rb7 21. f3 Bxb2 22. Qxb2 Ng3 23. Qf2 Nf5 24. Nb2 Qf6 25. Nc4 h5 26. e4 Nd4 27. Qg3 Rd7 28. h4 Kh7 29. Kh2 Red8 30. Rd2 Nb5 31. Qg5 Qxg5 32. hxg5 Nc3 33. Re3 Kg7 34. a4 f6 35. gxf6+ Kxf6 36. Nxd6 Rxd6 37. e5+ Kf5 38. exd6 Rxd6 39. Re7 Nxd5 40. Rxa7 Ke5 41. Rb7 Ne3 42. Re7+ Kf6 43. Rxd6+ Kxe7 44. Rc6 1-0

[Event "Mindsports Open 4th"]
[Site "London"]
[Date "2024.07.20"]
[Round "4.17"]
[White "Payne, Matthew J"]
[Black "Khoury, Theo"]
[Result "1/2-1/2"]
[WhiteElo "2067"]
[BlackElo "2113"]
[PlyCount "71"]
[EventDate "2024.07.18"]
[EventType "swiss"]
[EventRounds "9"]
[EventCountry "ENG"]
[SourceTitle "BritBase"]
[Source "John Saunders"]
[SourceDate "2024.08.27"]
[SourceVersion "1"]
[SourceVersionDate "2024.08.27"]
[SourceQuality "1"]

1. e4 c5 2. Nf3 d6 3. d4 cxd4 4. Nxd4 Nf6 5. Nc3 a6 6. h3 e5 7. Nf3 Be7 8. g4 h6 9. Rg1 b5 10. g5 hxg5 11. Nxg5 Bb7 12. a4 b4 13. Nd5 Bxd5 14. exd5 Qa5 15. Qd3 Rh4 16. Qg3 Rd4 17. Be3 b3+ 18. c3 Rxa4 19. Rd1 Nbd7 20. Bd3 Ra1 21. Bb1 Rc8 22. Qh4 Nf8 23. Qh8 Nxd5 24. Qxg7 Bxg5 25. Bxg5 Qa4 26. Bh6 Ke7 27. Rg4 Qc6 28. Bg5+ Ke8 29. Rh4 Rxb1 30. Rh8 Rxd1+ 31. Kxd1 {(=)} Nxc3+ 32. bxc3 Qd5+ 33. Ke1 Qh1+ 34. Kd2 Qd5+ 35. Ke1 Qh1+ 36. Kd2 1/2-1/2

[Event "Mindsports Open 4th"]
[Site "London"]
[Date "2024.07.20"]
[Round "4.18"]
[White "Dignam, Matthew"]
[Black "Pandit, Kabir"]
[Result "1-0"]
[WhiteElo "2104"]
[BlackElo "1950"]
[PlyCount "55"]
[EventDate "2024.07.18"]
[EventType "swiss"]
[EventRounds "9"]
[EventCountry "ENG"]
[SourceTitle "BritBase"]
[Source "John Saunders"]
[SourceDate "2024.08.27"]
[SourceVersion "1"]
[SourceVersionDate "2024.08.27"]
[SourceQuality "1"]

1. b3 d5 2. Bb2 c6 3. g3 Bg4 4. Bg2 Nd7 5. c4 e6 6. Nf3 a5 7. O-O a4 8. bxa4 Ngf6 9. h3 Bxf3 10. Bxf3 dxc4 11. Na3 Nb6 12. Rb1 Rxa4 13. Bxf6 Qc7 14. Bd4 Rxa3 15. Bxb6 Qd7 16. Qc2 Be7 17. Qxc4 Qxd2 18. Be3 Rxe3 19. fxe3 Qxe3+ 20. Kg2 O-O 21. Rxb7 Bd6 22. Rd1 Bc5 23. Rf1 Bd6 24. Rd7 Be5 25. Qd3 Qg5 26. Bxc6 f5 27. h4 Qf6 28. Rd1 1-0

[Event "Mindsports Open 4th"]
[Site "London"]
[Date "2024.07.20"]
[Round "4.19"]
[White "Dupuis, Denis K"]
[Black "Hill, Alistair"]
[Result "0-1"]
[WhiteElo "2013"]
[BlackElo "2101"]
[PlyCount "150"]
[EventDate "2024.07.18"]
[EventType "swiss"]
[EventRounds "9"]
[EventCountry "ENG"]
[SourceTitle "BritBase"]
[Source "John Saunders"]
[SourceDate "2024.08.27"]
[SourceVersion "1"]
[SourceVersionDate "2024.08.27"]
[SourceQuality "1"]

1. e4 c5 2. Nc3 e6 3. f4 d5 4. Nf3 Be7 5. Bb5+ Kf8 6. Be2 dxe4 7. Nxe4 Nc6 8. O-O Nf6 9. d3 b6 10. c3 Bb7 11. Qc2 Qc7 12. Bd2 Rd8 13. Rae1 g6 14. Kh1 Kg7 15. Bc1 Rhe8 16. Nfd2 Kg8 17. a4 {(=)} Na5 18. Bf3 Ba6 19. Nxf6+ Bxf6 20. Ne4 Bg7 21. Rd1 Rd7 22. b3 Red8 23. Be2 Bb7 24. Bf3 Nc6 25. Ng3 Ba6 26. Be2 Ne7 27. Bb2 Bb7 28. Bf3 Nd5 29. Bxd5 Bxd5 30. c4 Bb7 31. Bxg7 Kxg7 32. Qc3+ Kg8 33. Rd2 Qd6 34. Ne2 Qe7 35. Rfd1 Qh4 36. Rf1 Qg4 37. Rf2 h5 38. Kg1 h4 39. h3 Qf5 40. d4 Qe4 41. Qd3 cxd4 42. Qxe4 Bxe4 43. Rf1 Kg7 44. Rfd1 Bc2 45. Rxc2 d3 46. Rb2 dxe2 47. Re1 Rd4 48. f5 gxf5 49. Rexe2 Kf6 50. Kf2 Rf4+ 51. Ke3 Re4+ 52. Kf3 Rd3+ 53. Kf2 Rxe2+ 54. Kxe2 Rc3 55. Kd2 Rg3 56. Ke1 Ke5 57. a5 Rc3 58. Kd2 Kd4 59. a6 Rg3 60. Kd1 Kc3 61. Rd2 Rd3 62. Rxd3+ Kxd3 63. Ke1 f4 64. Kf2 Kc3 65. Kf3 Kxb3 66. Kxf4 Kxc4 67. g3 hxg3 68. Kxg3 b5 69. h4 Kd5 70. Kf4 b4 71. h5 b3 72. h6 b2 73. h7 b1=Q 74. h8=Q Qf5+ 75. Kg3 Qe5+ 0-1

[Event "Mindsports Open 4th"]
[Site "London"]
[Date "2024.07.20"]
[Round "4.20"]
[White "Liu, Tianyi (Jack)"]
[Black "Antolak, Julia"]
[Result "0-1"]
[WhiteElo "2098"]
[BlackElo "2333"]
[PlyCount "54"]
[EventDate "2024.07.18"]
[EventType "swiss"]
[EventRounds "9"]
[EventCountry "ENG"]
[SourceTitle "BritBase"]
[Source "John Saunders"]
[SourceDate "2024.08.27"]
[SourceVersion "1"]
[SourceVersionDate "2024.08.27"]
[SourceQuality "1"]

1. e4 c5 2. Nf3 Nc6 3. d4 cxd4 4. Nxd4 g6 5. Nc3 Bg7 6. Be3 Nf6 7. Bc4 O-O 8. Bb3 Re8 9. f3 e6 10. Nxc6 bxc6 11. Qd6 Bf8 12. Qg3 d5 13. O-O-O Qa5 14. h4 h5 15. Qh2 Bg7 16. Rhe1 Bb7 17. exd5 exd5 18. Qg1 Rac8 19. g4 hxg4 20. fxg4 c5 21. g5 Ne4 22. Nxe4 c4 23. Nf6+ Bxf6 24. gxf6 cxb3 25. a3 d4 26. Qg5 Rxc2+ 27. Kb1 Rxb2+ 0-1